[Event "Titled Tuesday 2022.07.19 Early"]
[Site "Chess.com INT"]
[Date "2022.07.19"]
[Round "6"]
[White "Preotu, Razvan"]
[Black "Remolar Gallen, Jose"]
[Result "1-0"]
[WhiteElo "2445"]
[BlackElo "2305"]
[WhiteFideId "-1"]
[WhiteFideId "-1"]
[PlyCount "53"]
[GameId "1806437909839872"]
[EventDate "2022.07.19"]
[EventType "swiss (blitz)"]
[EventRounds "11"]
[EventCountry "NET"]
[SourceTitle "EXT 2023"]
[Source "ChessBase"]
[SourceDate "2022.10.05"]
[SourceVersion "1"]
[SourceVersionDate "2022.10.05"]
[SourceQuality "1"]

1. e4 c5 2. Nf3 d6 3. d4 cxd4 4. Nxd4 Nf6 5. Nc3 a6 6. Be3 e5 7. Nb3 Be7 8. h3 Be6 9. Qf3 Nbd7 10. O-O-O Qc7 11. g4 h6 12. Rg1 b5 13. h4 b4 14. Nd5 Bxd5 15. exd5 e4 16. Qe2 Ne5 17. g5 hxg5 18. hxg5 Nf3 19. gxf6 Nxg1 20. Qg4 Rc8 21. Qxe4 Rh4 22. Qxe7+ Qxe7 23. fxe7 Nf3 24. Bxa6 Ra8 25. Be2 Ne5 26. Bb5+ Kxe7 27. Bg5+ 1-0

[Event "Titled Tuesday 2022.07.19 Early"]
[Site "Chess.com INT"]
[Date "2022.07.19"]
[Round "8"]
[White "Shimanov, Aleksandr"]
[Black "Preotu, Razvan"]
[Result "0-1"]
[WhiteElo "2581"]
[BlackElo "2445"]
[WhiteFideId "-1"]
[WhiteFideId "-1"]
[PlyCount "102"]
[GameId "1806437911248896"]
[EventDate "2022.07.19"]
[EventType "swiss (blitz)"]
[EventRounds "11"]
[EventCountry "NET"]
[SourceTitle "EXT 2023"]
[Source "ChessBase"]
[SourceDate "2022.10.05"]
[SourceVersion "1"]
[SourceVersionDate "2022.10.05"]
[SourceQuality "1"]

1. e4 c5 2. Nf3 d6 3. d4 cxd4 4. Qxd4 Nc6 5. Bb5 Bd7 6. Qd3 g6 7. c4 Bg7 8. Nc3 Nf6 9. O-O O-O 10. h3 a6 11. Bxc6 Bxc6 12. Be3 b5 13. cxb5 axb5 14. Nd4 Qd7 15. a3 Qb7 16. Nxc6 Qxc6 17. Bd4 Qc4 18. Rad1 Qxd3 19. Rxd3 Rfb8 20. e5 dxe5 21. Bxe5 Rb7 22. Rfd1 Ne8 23. Bxg7 Kxg7 24. Rd4 Nd6 25. Rb4 Rab8 26. Kf1 f6 27. Ke2 Kf7 28. Rd5 Ke6 29. Rc5 g5 30. h4 h6 31. g3 Kd7 32. Kf3 Ke6 33. Kg4 Kf7 34. Kf3 f5 35. hxg5 hxg5 36. g4 e6 37. gxf5 exf5 38. Rd5 Ke6 39. Rbd4 Rb6 40. Kg2 g4 41. Ne2 Nc4 42. Nf4+ Kf6 43. b3 Nxa3 44. Rc5 b4 45. Nd5+ Ke5 46. Rd2 Rb5 47. Rxb5 Rxb5 48. Ne3 Ke4 49. Nf1 f4 50. Nh2 Nb1 51. Rd8 g3 0-1

[Event "Titled Tuesday 2022.07.19 Early"]
[Site "chess.com INT"]
[Date "2022.07.19"]
[Round "1"]
[White "Preotu, Razvan"]
[Black "Ismayil, Malak"]
[Result "1-0"]
[WhiteElo "2445"]
[BlackElo "1941"]
[WhiteFideId "-1"]
[WhiteFideId "-1"]
[PlyCount "89"]
[GameId "2130307573177348"]
[EventDate "2022.07.19"]
[EventType "swiss (blitz)"]
[EventRounds "11"]
[EventCountry "NET"]
[SourceTitle "The Week in Chess 1446"]
[Source "Mark Crowther"]
[SourceDate "2022.07.25"]
[SourceVersion "1"]
[SourceVersionDate "2022.07.25"]
[SourceQuality "2"]

1. e4 e5 2. Nf3 Nc6 3. Bc4 Bc5 4. c3 Nf6 5. d3 d6 6. O-O O-O 7. Re1 h6 8. b4 Bb6 9. Nbd2 a6 10. h3 d5 11. exd5 Nxd5 12. Qc2 Nf4 13. Nf1 Bf5 14. Bxf4 exf4 15. Qd2 Qd6 16. d4 Rae8 17. a4 g5 18. b5 axb5 19. axb5 Ne7 20. Re5 Bg6 21. Rae1 Qd7 22. N1h2 Kg7 23. Ng4 f6 24. R5e2 h5 25. Ngh2 Nc8 26. Be6 Qd8 27. c4 c6 28. c5 Ba5 29. Qb2 Bxe1 30. Rxe1 Re7 31. bxc6 bxc6 32. d5 cxd5 33. Nxg5 Kh6 34. Ngf3 Rfe8 35. Nd4 Qc7 36. Qc1 Kg7 37. Nhf3 Na7 38. Nh4 Nc6 39. Nhf5+ Kh7 40. Nxe7 Rxe7 41. Nxc6 Qxc6 42. Bg8+ Kxg8 43. Rxe7 d4 44. Qxf4 Qxc5 45. Qb8+ 1-0

[Event "Titled Tuesday 2022.07.19 Early"]
[Site "chess.com INT"]
[Date "2022.07.19"]
[Round "4"]
[White "Preotu, Razvan"]
[Black "Hakobyan, Aram"]
[Result "0-1"]
[WhiteElo "2445"]
[BlackElo "2612"]
[WhiteFideId "-1"]
[WhiteFideId "-1"]
[PlyCount "66"]
[GameId "2130307573185651"]
[EventDate "2022.07.19"]
[EventType "swiss (blitz)"]
[EventRounds "11"]
[EventCountry "NET"]
[SourceTitle "The Week in Chess 1446"]
[Source "Mark Crowther"]
[SourceDate "2022.07.25"]
[SourceVersion "1"]
[SourceVersionDate "2022.07.25"]
[SourceQuality "2"]

1. e4 e5 2. Nf3 Nc6 3. Bc4 Bc5 4. c3 Nf6 5. d3 d6 6. O-O O-O 7. Re1 a6 8. a4 Ba7 9. h3 Kh8 10. b4 Ng8 11. d4 f5 12. exf5 e4 13. Bg5 Nf6 14. Nh4 d5 15. Bf1 Ne7 16. g4 c6 17. Bf4 Bb8 18. Bxb8 Rxb8 19. Nd2 g6 20. fxg6 Nxg6 21. Nxg6+ hxg6 22. Qe2 Nh7 23. Qe3 Qh4 24. Kg2 Bd7 25. Qg3 Qh6 26. Rad1 Rf4 27. f3 Rbf8 28. fxe4 Ng5 29. exd5 Nxh3 30. Re4 Rf2+ 31. Kh1 Rxd2 32. Rxd2 Nf2+ 33. Kg2 Qh1# 0-1

[Event "Titled Tuesday 2022.07.19 Early"]
[Site "chess.com INT"]
[Date "2022.07.19"]
[Round "7"]
[White "Preotu, Razvan"]
[Black "Maghsoodloo, Parham"]
[Result "1/2-1/2"]
[WhiteElo "2445"]
[BlackElo "2701"]
[WhiteFideId "-1"]
[WhiteFideId "-1"]
[PlyCount "97"]
[GameId "2130307573189854"]
[EventDate "2022.07.19"]
[EventType "swiss (blitz)"]
[EventRounds "11"]
[EventCountry "NET"]
[SourceTitle "The Week in Chess 1446"]
[Source "Mark Crowther"]
[SourceDate "2022.07.25"]
[SourceVersion "1"]
[SourceVersionDate "2022.07.25"]
[SourceQuality "2"]

1. e4 c5 2. Nf3 d6 3. d4 cxd4 4. Nxd4 Nf6 5. Nc3 a6 6. Be3 e5 7. Nb3 Be6 8. f3 Nbd7 9. Qd2 Be7 10. O-O-O O-O 11. g4 b5 12. g5 b4 13. Ne2 Ne8 14. f4 a5 15. f5 a4 16. fxe6 axb3 17. cxb3 fxe6 18. Bh3 Rxa2 19. Bxe6+ Kh8 20. Ng3 Nc7 21. Bc4 Nc5 22. Bxc5 Ra1+ 23. Kc2 Rxd1 24. Rxd1 dxc5 25. Qe3 Qe8 26. Nf5 g6 27. Nd6 Bxd6 28. Rxd6 Qe7 29. Qxc5 Ne8 30. Rc6 Qxc5 31. Rxc5 Nd6 32. Rxe5 Rf2+ 33. Kb1 Nxc4 34. bxc4 b3 35. Kc1 Rc2+ 36. Kd1 Rxh2 37. Rb5 Rxb2 38. e5 Kg7 39. Rb7+ Kf8 40. e6 Rc2 41. Rxb3 Rxc4 42. Rb7 Rg4 43. Rxh7 Rxg5 44. e7+ Ke8 45. Rg7 Re5 46. Rxg6 Rxe7 47. Rg2 Rd7+ 48. Rd2 Rxd2+ 49. Kxd2 1/2-1/2

[Event "Titled Tuesday 2022.07.19 Early"]
[Site "chess.com INT"]
[Date "2022.07.19"]
[Round "9"]
[White "Preotu, Razvan"]
[Black "Martinez Alcantara, Jose Eduardo"]
[Result "0-1"]
[WhiteElo "2445"]
[BlackElo "2591"]
[WhiteFideId "-1"]
[WhiteFideId "-1"]
[PlyCount "126"]
[GameId "2130307573189908"]
[EventDate "2022.07.19"]
[EventType "swiss (blitz)"]
[EventRounds "11"]
[EventCountry "NET"]
[SourceTitle "The Week in Chess 1446"]
[Source "Mark Crowther"]
[SourceDate "2022.07.25"]
[SourceVersion "1"]
[SourceVersionDate "2022.07.25"]
[SourceQuality "2"]

1. e4 c5 2. Nf3 d6 3. d4 cxd4 4. Nxd4 Nf6 5. Nc3 Nc6 6. Bg5 e6 7. Qd2 a6 8. O-O-O Bd7 9. f3 Nxd4 10. Qxd4 Bc6 11. Kb1 h6 12. Bc1 d5 13. exd5 Nxd5 14. Ne4 Qc7 15. c4 Rd8 16. Be2 e5 17. Qf2 Nf4 18. Rxd8+ Kxd8 19. Be3 Kc8 20. Bb6 Bxe4+ 21. fxe4 Qc6 22. Bf3 Nd3 23. Qe3 Bc5 24. Qxd3 Qxb6 25. Rd1 Bd4 26. Qb3 Qc5 27. a3 Rd8 28. Qb4 Qc7 29. Rd3 Rd6 30. Rb3 Kb8 31. Qa4 Ka7 32. Ka2 Rc6 33. Be2 g6 34. Qb4 Bc5 35. Qc3 h5 36. g3 Bd4 37. Qb4 Bc5 38. Qc3 Re6 39. Qd3 Bd4 40. Qf3 Qe7 41. c5 Bxc5 42. Bc4 Rf6 43. Qd3 Rb6 44. Bd5 Rxb3 45. Qxb3 f5 46. Qf3 Qd7 47. Qd3 f4 48. Qf3 Qd6 49. Qb3 Qb6 50. Qxb6+ Kxb6 51. Bf7 f3 52. Bc4 g5 53. h3 g4 54. hxg4 hxg4 55. Kb3 Kc6 56. Kc2 Kd6 57. Kd2 Bf2 58. Bd5 Bxg3 59. Bxb7 a5 60. Bc8 Bf4+ 61. Kd3 g3 62. Bg4 g2 63. Bxf3 g1=Q 0-1

[Event "Titled Tuesday 2022.07.19 Early"]
[Site "chess.com INT"]
[Date "2022.07.19"]
[Round "11"]
[White "Preotu, Razvan"]
[Black "Lee, Jun Hyeok"]
[Result "0-1"]
[WhiteElo "2445"]
[BlackElo "2390"]
[WhiteFideId "-1"]
[WhiteFideId "-1"]
[PlyCount "88"]
[GameId "2130307573194051"]
[EventDate "2022.07.19"]
[EventType "swiss (blitz)"]
[EventRounds "11"]
[EventCountry "NET"]
[SourceTitle "The Week in Chess 1446"]
[Source "Mark Crowther"]
[SourceDate "2022.07.25"]
[SourceVersion "1"]
[SourceVersionDate "2022.07.25"]
[SourceQuality "2"]

1. e4 c5 2. Nf3 Nc6 3. Bb5 e6 4. O-O Nge7 5. Re1 a6 6. Bf1 d5 7. exd5 Nxd5 8. d4 cxd4 9. Nxd4 Bd7 10. c4 Nf6 11. Nc3 Nxd4 12. Qxd4 Bc6 13. Qh4 Be7 14. Qg3 O-O 15. Bh6 Ne8 16. Rad1 Qb8 17. Bf4 Qa7 18. Nd5 Bd8 19. Nb4 Nf6 20. Nxc6 bxc6 21. Be5 Be7 22. Qf3 Qb6 23. g3 Rac8 24. Bg2 a5 25. Rd3 Rfd8 26. Red1 Rxd3 27. Rxd3 Ne8 28. Rd7 Bf6 29. h4 Qc5 30. Bc3 Qxc4 31. h5 h6 32. Bf1 Qxa2 33. Bd3 Qa4 34. Kg2 c5 35. Qb7 Qc6+ 36. Qxc6 Rxc6 37. Bxf6 gxf6 38. Rd8 Kf8 39. Bb5 Rb6 40. Rxe8+ Kg7 41. Ba4 Rb4 42. b3 c4 43. Ra8 cxb3 44. Bc6 b2 0-1

[Event "Titled Tuesday 2022.07.19 Late"]
[Site "Chess.com INT"]
[Date "2022.07.19"]
[Round "2"]
[White "Preotu, Razvan"]
[Black "Szalay, Karoly"]
[Result "1-0"]
[WhiteElo "2445"]
[BlackElo "2159"]
[WhiteFideId "-1"]
[WhiteFideId "-1"]
[PlyCount "69"]
[GameId "1806437913198592"]
[EventDate "2022.07.19"]
[EventType "swiss (blitz)"]
[EventRounds "11"]
[EventCountry "NET"]
[SourceTitle "EXT 2023"]
[Source "ChessBase"]
[SourceDate "2022.10.05"]
[SourceVersion "1"]
[SourceVersionDate "2022.10.05"]
[SourceQuality "1"]

1. e4 e5 2. Nf3 Nc6 3. Bc4 Nf6 4. d3 a6 5. O-O b5 6. Bb3 Bc5 7. c3 d6 8. Re1 O-O 9. Nbd2 Be6 10. Bxe6 fxe6 11. Nf1 b4 12. d4 exd4 13. cxd4 Bb6 14. Ng3 a5 15. h3 Kh8 16. Be3 Qe8 17. Rc1 e5 18. d5 Ne7 19. Bxb6 cxb6 20. Rc7 Nd7 21. Ng5 Nc5 22. Ne6 Rf6 23. Nxc5 dxc5 24. Qg4 Ng6 25. Rd1 Rf7 26. Rxf7 Qxf7 27. d6 Rd8 28. Nf5 Qxa2 29. h4 Qe6 30. h5 a4 31. hxg6 hxg6 32. Qh4+ Kg8 33. Qxd8+ Kh7 34. Qh4+ Kg8 35. d7 1-0

[Event "Titled Tuesday 2022.07.19 Late"]
[Site "Chess.com INT"]
[Date "2022.07.19"]
[Round "5"]
[White "Preotu, Razvan"]
[Black "Abdyzhapar, Asylbek"]
[Result "0-1"]
[WhiteElo "2445"]
[BlackElo "2306"]
[WhiteFideId "-1"]
[WhiteFideId "-1"]
[PlyCount "82"]
[GameId "1806437914464256"]
[EventDate "2022.07.19"]
[EventType "swiss (blitz)"]
[EventRounds "11"]
[EventCountry "NET"]
[SourceTitle "EXT 2023"]
[Source "ChessBase"]
[SourceDate "2022.10.05"]
[SourceVersion "1"]
[SourceVersionDate "2022.10.05"]
[SourceQuality "1"]

1. e4 e5 2. Nf3 Nc6 3. Bc4 Nf6 4. d3 Bc5 5. c3 d6 6. O-O O-O 7. Re1 a6 8. a4 Ba7 9. h3 Be6 10. Bxe6 fxe6 11. b4 Qd7 12. Be3 Bxe3 13. Rxe3 Rf7 14. Nbd2 Raf8 15. Rb1 h6 16. b5 axb5 17. axb5 Ne7 18. d4 exd4 19. cxd4 Ng6 20. g3 e5 21. Kg2 Nh5 22. Nf1 exd4 23. Qxd4 Nhf4+ 24. gxf4 Nxf4+ 25. Kg1 Qxh3 26. Ne1 Qg4+ 27. Kh1 Qh5+ 28. Nh2 Rf6 29. Rg3 Ne2 30. Qc4+ Kh8 31. Rf3 Rxf3 32. Nexf3 Nf4 33. Qxc7 Nh3 34. Kg2 Nf4+ 35. Kh1 Nh3 36. Kg2 Rxf3 37. Nxf3 Qg4+ 38. Kh2 Nf4 39. Qd8+ Kh7 40. Ne1 Qh3+ 41. Kg1 Ne2# 0-1

[Event "Titled Tuesday 2022.07.19 Late"]
[Site "Chess.com INT"]
[Date "2022.07.19"]
[Round "6"]
[White "Preotu, Razvan"]
[Black "Bashirli, Nail Qoshqar"]
[Result "0-1"]
[WhiteElo "2445"]
[BlackElo "2365"]
[WhiteFideId "-1"]
[WhiteFideId "-1"]
[PlyCount "92"]
[GameId "1806437914972160"]
[EventDate "2022.07.19"]
[EventType "swiss (blitz)"]
[EventRounds "11"]
[EventCountry "NET"]
[SourceTitle "EXT 2023"]
[Source "ChessBase"]
[SourceDate "2022.10.05"]
[SourceVersion "1"]
[SourceVersionDate "2022.10.05"]
[SourceQuality "1"]

1. e4 c5 2. Nf3 d6 3. d4 cxd4 4. Nxd4 Nf6 5. Nc3 Nc6 6. Bg5 e6 7. Qd2 a6 8. O-O-O Bd7 9. f3 Be7 10. Kb1 Rc8 11. Nxc6 Bxc6 12. Bf4 e5 13. Bg5 Nxe4 14. Nxe4 Bxe4 15. Bxe7 Rxc2 16. Bxd8 Rxd2+ 17. fxe4 Rxd1+ 18. Kc2 Rd4 19. Bb6 Rxe4 20. Bd3 Rg4 21. g3 Ke7 22. Kd2 Rb4 23. Ba5 Rxb2+ 24. Ke3 Rxa2 25. Bd2 Rc8 26. Rb1 b5 27. h4 d5 28. Bf5 Rc4 29. Bb4+ Kf6 30. g4 g6 31. Bd7 e4 32. Bd6 Kg7 33. g5 Rc3+ 34. Kd4 Rd3+ 35. Ke5 e3 36. Re1 e2 37. Bg4 Re3+ 38. Kxd5 Rd2+ 39. Kc6 b4 40. Bc5 Re4 41. Bf3 Rc4 42. Bd5 Rcc2 43. Kd6 b3 44. Be3 b2 45. Bxd2 Rxd2 46. Kc5 Rd1 0-1

[Event "Titled Tuesday 2022.07.19 Late"]
[Site "Chess.com INT"]
[Date "2022.07.19"]
[Round "8"]
[White "Preotu, Razvan"]
[Black "Sibilio, Mario"]
[Result "1-0"]
[WhiteElo "2445"]
[BlackElo "2279"]
[WhiteFideId "-1"]
[WhiteFideId "-1"]
[PlyCount "69"]
[GameId "1806437915467776"]
[EventDate "2022.07.19"]
[EventType "swiss (blitz)"]
[EventRounds "11"]
[EventCountry "NET"]
[SourceTitle "EXT 2023"]
[Source "ChessBase"]
[SourceDate "2022.10.05"]
[SourceVersion "1"]
[SourceVersionDate "2022.10.05"]
[SourceQuality "1"]

1. e4 d6 2. d4 Nf6 3. Nc3 g6 4. Be3 a6 5. f4 b5 6. e5 Ng4 7. Qf3 Nxe3 8. Qxe3 e6 9. Be2 Bb7 10. Bf3 Bxf3 11. Nxf3 d5 12. Ne2 h5 13. g3 Nd7 14. h3 c5 15. c3 Rc8 16. Kf2 Be7 17. Rac1 Nb6 18. b3 c4 19. g4 Kd7 20. Ng3 Bh4 21. Kg2 Bxg3 22. Kxg3 Qe7 23. Ng5 Rc7 24. b4 Na4 25. Rcf1 a5 26. a3 axb4 27. axb4 Nb2 28. f5 gxf5 29. gxf5 Rg8 30. h4 Nd3 31. fxe6+ fxe6 32. Rf6 Kc6 33. Kh3 Rxg5 34. Qxg5 Ra7 35. Qg6 1-0

[Event "Titled Tuesday 2022.07.19 Late"]
[Site "Chess.com INT"]
[Date "2022.07.19"]
[Round "11"]
[White "Preotu, Razvan"]
[Black "Romanchuk, Viktor"]
[Result "1/2-1/2"]
[WhiteElo "2445"]
[BlackElo "2266"]
[WhiteFideId "-1"]
[WhiteFideId "-1"]
[PlyCount "114"]
[GameId "1806437916405760"]
[EventDate "2022.07.19"]
[EventType "swiss (blitz)"]
[EventRounds "11"]
[EventCountry "NET"]
[SourceTitle "EXT 2023"]
[Source "ChessBase"]
[SourceDate "2022.10.05"]
[SourceVersion "1"]
[SourceVersionDate "2022.10.05"]
[SourceQuality "1"]

1. e4 e6 2. d4 d5 3. Nc3 dxe4 4. Nxe4 Nd7 5. Nf3 Ngf6 6. Nxf6+ Nxf6 7. Bg5 h6 8. Bxf6 gxf6 9. g3 Qd6 10. Bg2 Bd7 11. O-O Bg7 12. c4 O-O 13. Qb3 Qb6 14. Qc2 Bc6 15. d5 exd5 16. c5 Qb4 17. Nh4 Rfe8 18. Nf5 Re5 19. f4 Re6 20. a3 Qc4 21. Qxc4 dxc4 22. Bxc6 bxc6 23. Rf2 Bf8 24. Rc2 Rb8 25. Kg2 h5 26. Kh3 Kh7 27. Nd4 Re4 28. Nxc6 Rb3 29. Na5 Rd3 30. Nxc4 Bxc5 31. Nd2 Re2 32. Rxc5 Rdxd2 33. Rh1 Kg6 34. Rxc7 Rxb2 35. Rxa7 Ra2 36. Ra8 Re4 37. Kh4 Re3 38. a4 Rea3 39. f5+ Kxf5 40. Kxh5 Rxa4 41. Re8 Rf2 42. h3 Re4 43. Rf8 Ke6 44. Ra1 Rf5+ 45. Kh6 Ke7 46. Rg8 Ree5 47. Ra7+ Kd6 48. Rxf7 Rh5+ 49. Kg7 Reg5+ 50. Kf8 Rxg8+ 51. Kxg8 Rxh3 52. Rxf6+ Ke5 53. Rf3 Ke4 54. Ra3 Kf5 55. Kg7 Kg4 56. Kg6 Rxg3 57. Rxg3+ Kxg3 1/2-1/2

[Event "Titled Tuesday 2022.07.19 Late"]
[Site "chess.com INT"]
[Date "2022.07.19"]
[Round "1"]
[White "Miszler, Levente"]
[Black "Preotu, Razvan"]
[Result "0-1"]
[WhiteElo "2243"]
[BlackElo "2445"]
[WhiteFideId "-1"]
[WhiteFideId "-1"]
[PlyCount "90"]
[GameId "2130307573194075"]
[EventDate "2022.07.19"]
[EventType "swiss (blitz)"]
[EventRounds "11"]
[EventCountry "NET"]
[SourceTitle "The Week in Chess 1446"]
[Source "Mark Crowther"]
[SourceDate "2022.07.25"]
[SourceVersion "1"]
[SourceVersionDate "2022.07.25"]
[SourceQuality "2"]

1. Nf3 c5 2. c4 Nc6 3. Nc3 g6 4. g3 Bg7 5. Bg2 e5 6. O-O d6 7. Ne1 Be6 8. Nd5 Nge7 9. Nc2 O-O 10. Nce3 Rb8 11. d3 a6 12. a4 a5 13. Nxe7+ Nxe7 14. Nd5 Nxd5 15. cxd5 Bd7 16. Bd2 b6 17. Bc3 f5 18. f4 exf4 19. gxf4 Qh4 20. Qd2 Rbe8 21. Bxg7 Kxg7 22. e4 Rf7 23. Rf2 fxe4 24. dxe4 Ref8 25. Raf1 Kg8 26. e5 dxe5 27. fxe5 Rxf2 28. Rxf2 Rxf2 29. Qxf2 Qxf2+ 30. Kxf2 Bxa4 31. d6 Kg7 32. Bh3 Kf7 33. e6+ Kf6 34. Ke3 h5 35. Ke4 Bc6+ 36. Kd3 g5 37. Bf5 a4 38. Kc4 g4 39. Kd3 b5 40. Kc3 c4 41. Kb4 Bb7 42. e7 Bc6 43. d7 Kxe7 44. Bg6 h4 45. Bf5 Bxd7 0-1

[Event "Titled Tuesday 2022.07.19 Late"]
[Site "chess.com INT"]
[Date "2022.07.19"]
[Round "4"]
[White "Papp, Levente"]
[Black "Preotu, Razvan"]
[Result "0-1"]
[WhiteElo "2394"]
[BlackElo "2445"]
[WhiteFideId "-1"]
[WhiteFideId "-1"]
[PlyCount "80"]
[GameId "2130307573198282"]
[EventDate "2022.07.19"]
[EventType "swiss (blitz)"]
[EventRounds "11"]
[EventCountry "NET"]
[SourceTitle "The Week in Chess 1446"]
[Source "Mark Crowther"]
[SourceDate "2022.07.25"]
[SourceVersion "1"]
[SourceVersionDate "2022.07.25"]
[SourceQuality "2"]

1. c4 c5 2. g3 Nc6 3. Bg2 g6 4. Nc3 Bg7 5. e4 a6 6. Nge2 b5 7. d3 Rb8 8. O-O d6 9. Rb1 Bg4 10. f3 Bd7 11. b3 e6 12. Qd2 Nge7 13. Bb2 O-O 14. Nd1 Qa5 15. Qxa5 Nxa5 16. Bxg7 Kxg7 17. Ne3 Nec6 18. Rfd1 Rfc8 19. cxb5 axb5 20. d4 cxd4 21. Nxd4 Nb4 22. Rb2 Rc3 23. Kf2 Rbc8 24. Rbd2 d5 25. a3 Nbc6 26. exd5 Nxd4 27. Rxd4 Nxb3 28. dxe6 Bxe6 29. R4d3 Rxd3 30. Rxd3 Rc1 31. f4 Ra1 32. Bd5 Nc5 33. Rc3 Na4 34. Rd3 Nb2 35. Rd2 Bxd5 36. Rxd5 Ra2 37. Kf3 Rxa3 38. Ke4 Rb3 39. Nc2 Nc4 40. Nd4 Re3# 0-1

[Event "Titled Tuesday 2022.07.19 Late"]
[Site "chess.com INT"]
[Date "2022.07.19"]
[Round "7"]
[White "Erenberg, Ariel"]
[Black "Preotu, Razvan"]
[Result "1-0"]
[WhiteElo "2516"]
[BlackElo "2445"]
[WhiteFideId "-1"]
[WhiteFideId "-1"]
[PlyCount "65"]
[GameId "2130307573202437"]
[EventDate "2022.07.19"]
[EventType "swiss (blitz)"]
[EventRounds "11"]
[EventCountry "NET"]
[SourceTitle "The Week in Chess 1446"]
[Source "Mark Crowther"]
[SourceDate "2022.07.25"]
[SourceVersion "1"]
[SourceVersionDate "2022.07.25"]
[SourceQuality "2"]

1. d4 Nf6 2. c4 g6 3. g3 c6 4. Bg2 d5 5. e3 Bg7 6. Ne2 O-O 7. O-O dxc4 8. Na3 Be6 9. Qc2 Bd5 10. e4 Be6 11. Nxc4 Bg4 12. Be3 Nbd7 13. h3 Bxe2 14. Qxe2 a5 15. Rac1 e6 16. Rfd1 Qe7 17. Bf4 Ne8 18. Qd2 e5 19. dxe5 Nxe5 20. Nb6 Ra6 21. Be3 Qb4 22. Qxb4 axb4 23. f4 Rxa2 24. fxe5 Bxe5 25. Nd7 Bxb2 26. Rb1 Bc3 27. Nxf8 Kxf8 28. Bc5+ Kg7 29. Bxb4 Be5 30. Rd3 Nc7 31. Bc3 Bxc3 32. Rxc3 Nb5 33. Rd3 1-0

[Event "Titled Tuesday 2022.07.19 Late"]
[Site "chess.com INT"]
[Date "2022.07.19"]
[Round "9"]
[White "Petrovic, Aleksa"]
[Black "Preotu, Razvan"]
[Result "0-1"]
[WhiteElo "2230"]
[BlackElo "2445"]
[WhiteFideId "-1"]
[WhiteFideId "-1"]
[PlyCount "44"]
[GameId "2130307573206578"]
[EventDate "2022.07.19"]
[EventType "swiss (blitz)"]
[EventRounds "11"]
[EventCountry "NET"]
[SourceTitle "The Week in Chess 1446"]
[Source "Mark Crowther"]
[SourceDate "2022.07.25"]
[SourceVersion "1"]
[SourceVersionDate "2022.07.25"]
[SourceQuality "2"]

1. d4 Nf6 2. c4 g6 3. Nc3 d5 4. e3 Bg7 5. cxd5 Nxd5 6. Nxd5 Qxd5 7. Ne2 c5 8. Nc3 Qd8 9. dxc5 Qxd1+ 10. Kxd1 Bxc3 11. bxc3 Bd7 12. a4 Bc6 13. f3 Nd7 14. e4 Nxc5 15. Be3 Nxa4 16. Kc2 b5 17. Bd3 a6 18. Rhb1 O-O 19. c4 Rac8 20. Kd2 Rfd8 21. cxb5 Bxb5 22. Ra3 Rc3 0-1

[Event "Titled Tuesday 2022.07.19 Late"]
[Site "chess.com INT"]
[Date "2022.07.19"]
[Round "10"]
[White "Fishbein, Alexander"]
[Black "Preotu, Razvan"]
[Result "0-1"]
[WhiteElo "2411"]
[BlackElo "2445"]
[WhiteFideId "-1"]
[WhiteFideId "-1"]
[PlyCount "106"]
[GameId "2130307573206589"]
[EventDate "2022.07.19"]
[EventType "swiss (blitz)"]
[EventRounds "11"]
[EventCountry "NET"]
[SourceTitle "The Week in Chess 1446"]
[Source "Mark Crowther"]
[SourceDate "2022.07.25"]
[SourceVersion "1"]
[SourceVersionDate "2022.07.25"]
[SourceQuality "2"]

1. e4 c5 2. Nf3 d6 3. c3 Nf6 4. Be2 g6 5. O-O Bg7 6. d3 O-O 7. Be3 Nc6 8. Nbd2 h6 9. h3 e5 10. a4 Ne8 11. Nc4 f5 12. exf5 gxf5 13. d4 f4 14. dxe5 fxe3 15. exd6 exf2+ 16. Rxf2 Be6 17. Qd3 Nf6 18. Rd1 Nd5 19. Qe4 Nf4 20. Bf1 Qf6 21. Kh2 Rad8 22. Rdd2 Qg6 23. Qxg6 Nxg6 24. Ne3 Nge5 25. Kh1 Nxf3 26. Rxf3 Rxf3 27. gxf3 Be5 28. Bc4 Kf7 29. f4 Bxd6 30. Bxe6+ Kxe6 31. f5+ Kf7 32. Ng4 Bf4 33. Re2 h5 34. Nf2 Rd2 35. Rxd2 Bxd2 36. Ne4 Bc1 37. Nxc5 Bxb2 38. Nxb7 Bxc3 39. Kg2 Kf6 40. Nd6 Bb4 41. Ne4+ Kxf5 42. Ng3+ Kg6 43. Kf3 Be1 44. Ne2 Kf5 45. Ke3 Ke5 46. Nc1 Kd5 47. Nd3 Bg3 48. Kf3 h4 49. Ke3 Kc4 50. Ke4 Kb3 51. Nc5+ Kb4 52. Kd5 Ne7+ 53. Kd4 Bf2+ 0-1

[Event "CAN op"]
[Site "Hamilton CAN"]
[Date "2022.07.13"]
[Round "3"]
[White "Vera Gonzalez Quevedo, Reynaldo"]
[Black "Preotu, Razvan"]
[Result "1-0"]
[WhiteElo "2412"]
[BlackElo "2445"]
[WhiteFideId "-1"]
[WhiteFideId "-1"]
[PlyCount "101"]
[GameId "2160767907427161"]
[EventDate "2022.07.12"]
[EventType "swiss"]
[EventRounds "9"]
[EventCountry "CAN"]
[SourceTitle "CBM 209 Extra"]
[Source "ChessBase"]
[SourceDate "2022.09.30"]
[SourceVersion "1"]
[SourceVersionDate "2022.09.30"]
[SourceQuality "1"]

1. d4 Nf6 2. c4 g6 3. Nc3 d5 4. cxd5 Nxd5 5. e4 Nxc3 6. bxc3 Bg7 7. Nf3 c5 8. Bb5+ Nc6 9. Rb1 O-O 10. d5 Ne5 11. O-O a6 12. Be2 Nxf3+ 13. Bxf3 b5 14. Be3 Qd6 15. Qd2 Be5 16. Be2 Bxh2+ 17. Kh1 Qc7 18. g3 Bxg3 19. fxg3 Qxg3 20. Bf3 Bg4 21. Bg2 f5 22. Bxc5 fxe4 23. Bxe4 Bh3 24. Bg2 Rad8 25. Bxe7 Qxg2+ 26. Qxg2 Bxg2+ 27. Kxg2 Rxf1 28. Rxf1 Rxd5 29. Rf2 Rd3 30. Bb4 g5 31. a4 bxa4 32. Rf5 h6 33. Ra5 Kf7 34. Rxa4 h5 35. Ra5 Kg6 36. Rxa6+ Kf5 37. Rc6 h4 38. Rc5+ Kg4 39. c4 h3+ 40. Kh2 Rf3 41. Be1 Rf4 42. Rc8 Re4 43. Bf2 Rf4 44. Bg1 Re4 45. c5 Re2+ 46. Kh1 Kg3 47. Rd8 g4 48. c6 h2 49. Rd3+ Kh4 50. Bxh2 Re1+ 51. Kg2 1-0